| 000 | 00614nam a2200193Ia 4500 | ||
|---|---|---|---|
| 003 | PILC | ||
| 005 | 20160204144916.0 | ||
| 008 | 140321s9999 xx 000 0 und d | ||
| 020 | _a9780415651967 | ||
| 050 |
_aBF 39 _b.Ev933 2001 |
||
| 100 | _aEveritt, Brian S. | ||
| 245 |
_aStatistics for psychologists : _ban intermediate course / _cBrian S. Everitt. |
||
| 260 |
_aNew York : _bPsychology Press, _c2001. |
||
| 300 |
_a378 pages : _billustrations ; _c24 cm. |
||
| 500 | _aIncludes bibliographical references and index. | ||
| 650 |
_aPsychology _xStatistical method. |
||
| 942 |
_kFOR _cBK _2lcc |
||
| 999 |
_c48692 _d48692 |
||